Thị trường ngoại hối và thanh toán quốc tế

Những vấn đề cơ bản về thị trường ngoại hối và giao dịch ngoại hối. Giao dịch ngoại hối giao ngay, giao dịch ngoại hối kỳ hạn, giao dịch hoán đổi ngoại hối, giao dịch tiền tệ tương lai. Quyền chọn tiền...

Ausführliche Beschreibung

Gespeichert in:
Bibliographische Detailangaben
1. Verfasser: Nguyễn, Minh Kiều
Format: Buch
Sprache:Undetermined
Veröffentlicht: Thành phố Hồ Chí Minh Đại học Quốc gia Thành phố Hồ Chí Minh 2000
Schlagworte:
Tags: Tag hinzufügen
Keine Tags, Fügen Sie den ersten Tag hinzu!
Thư viện lưu trữ: Trung tâm Học liệu Trường Đại học Cần Thơ
LEADER 01029nam a2200181Ia 4500
001 CTU_41436
008 210402s9999 xx 000 0 und d
082 |a 332.15 
082 |b K309 
100 |a Nguyễn, Minh Kiều 
245 0 |a Thị trường ngoại hối và thanh toán quốc tế 
245 0 |c Nguyễn Minh Kiều ; Đinh Xuân Trình hiệu đính 
260 |a Thành phố Hồ Chí Minh 
260 |b Đại học Quốc gia Thành phố Hồ Chí Minh 
260 |c 2000 
520 |a Những vấn đề cơ bản về thị trường ngoại hối và giao dịch ngoại hối. Giao dịch ngoại hối giao ngay, giao dịch ngoại hối kỳ hạn, giao dịch hoán đổi ngoại hối, giao dịch tiền tệ tương lai. Quyền chọn tiền 
650 |a Foreign exchange administration,International trade,Capital movements,Financial institutions, international 
980 |a Trung tâm Học liệu Trường Đại học Cần Thơ